| 000 -LEADER |
| fixed length control field |
00542nam a22002057a 4500 |
| 008 - FIXED-LENGTH DATA ELEMENTS--GENERAL INFORMATION |
| fixed length control field |
131129b xxu||||| |||| 00| 0 ger d |
| 020 ## - INTERNATIONAL STANDARD BOOK NUMBER |
| International Standard Book Number |
3708301307 |
| 041 0# - LANGUAGE CODE |
| Language code of text/sound track or separate title |
ger |
| 080 ## - UNIVERSAL DECIMAL CLASSIFICATION NUMBER |
| Universal Decimal Classification number |
351.756 |
| Common auxiliary subdivision |
(436) |
| -- |
(094.5) |
| 100 1# - Rafti |
| Rafti |
Embacher, Wilfried |
| 245 10 - TITLE STATEMENT |
| Title |
FrG : |
| 260 ## - |
| -- |
Wien : |
| -- |
NWV verlag ; |
| -- |
2003. |
| 300 ## - |
| -- |
294 f. : |
| -- |
22 cm. |
| 500 ## - |
| -- |
Vorwort : f. 3 |
| 505 ## - |
| -- |
Literaturubersicht : f. 291 |
| 650 #0 - |
| -- |
Administrata publike |
| 650 #0 - |
| -- |
Qeverija |
| 700 1# - |
| -- |
Lepschi, Andreas |
| 942 ## - ADDED ENTRY ELEMENTS (KOHA) |
| Source of classification or shelving scheme |
|
| Item type |
Books |